LEADER 02707nas 2200733-a 450 001 996205734503316 005 20230213213019.0 011 $a1873-2860 035 $a(DE-599)ZDB2001878-2 035 $a(OCoLC)38524882 035 $a(CKB)954925570831 035 $a(CONSER)--2005233350 035 $a(EXLCZ)99954925570831 100 $a19980227a19899999 s-- a 101 0 $aeng 135 $aurmnu|||||||| 181 $ctxt$2rdacontent 182 $cc$2rdamedia 183 $acr$2rdacarrier 200 10$aArtificial intelligence in medicine 210 $aTecklenburg, West Germany $cBurgberlag$d1989- 300 $aRefereed/Peer-reviewed 300 $aTitle from contents screen (ScienceDirect, viewed Oct. 26, 2005). 300 $aSome issues also have distinctive theme titles. 300 $aImprint varies: Amsterdam : Elsevier, 1990- 311 $a0933-3657 330 $a"Artificial intelligence in medicine publishes original articles from a wide variety of interdisciplinary perspectives concerning the theory and practice of artificial intelligence (AI) in medicine, human biology, and health care." 517 1 $aAIIM 531 $aARTIF INTELL MED 531 $aARTIF INT M 531 $aLECT NOTES ARTIF INT 531 $aARTIF. INTELL. MED 606 $aArtificial intelligence$xMedical applications$vPeriodicals 606 $aArtificial intelligence 606 $aArtificial Intelligence$vPeriodicals 606 $aMedicine$vPeriodicals 606 $aArtificial Intelligence 606 $aMedicine 606 $aArtificial Intelligence$xperiodicals 606 $aMedicine$xperiodicals 606 $aIntelligence artificielle en médecine$vPériodiques 606 $aIntelligence artificielle 606 $aartificial intelligence$2aat 606 $aArtificial intelligence$2fast$3(OCoLC)fst00817247 606 $aArtificial intelligence$xMedical applications$2fast$3(OCoLC)fst00817267 608 $aPeriodicals.$2fast 615 0$aArtificial intelligence$xMedical applications 615 0$aArtificial intelligence. 615 2$aArtificial Intelligence 615 2$aMedicine 615 2$aArtificial Intelligence 615 2$aMedicine 615 2$aArtificial Intelligence$xperiodicals. 615 2$aMedicine$xperiodicals. 615 6$aIntelligence artificielle en médecine 615 6$aIntelligence artificielle. 615 7$aartificial intelligence. 615 7$aArtificial intelligence. 615 7$aArtificial intelligence$xMedical applications. 676 $a610.285 906 $aJOURNAL 912 $a996205734503316 996 $aArtificial Intelligence in Medicine$92783404 997 $aUNISA LEADER 04105nam 2200721 450 001 9910787891703321 005 20230803195202.0 010 $a3-11-026511-7 024 7 $a10.1515/9783110265118 035 $a(CKB)2670000000524191 035 $a(EBL)893608 035 $a(SSID)ssj0001111480 035 $a(PQKBManifestationID)11945061 035 $a(PQKBTitleCode)TC0001111480 035 $a(PQKBWorkID)11130722 035 $a(PQKB)10720871 035 $a(MiAaPQ)EBC893608 035 $a(DE-B1597)172348 035 $a(OCoLC)866853484 035 $a(OCoLC)870589954 035 $a(DE-B1597)9783110265118 035 $a(Au-PeEL)EBL893608 035 $a(CaPaEBR)ebr10838266 035 $a(CaONFJC)MIL574212 035 $a(EXLCZ)992670000000524191 100 $a20131106h20142014 uy| 0 101 0 $aeng 135 $aurnn#---|u||u 181 $ctxt 182 $cc 183 $acr 200 10$aBounded variation and around /$fJu?rgen Appell, Jo?zef Banas?, Nelson Merentes 210 1$aBerlin :$cWalter de Gruyter GmbH & Co. KG,$d[2014] 210 4$d©2014 215 $a1 online resource (488 p.) 225 0 $aDe Gruyter Series in Nonlinear Analysis and Applications ;$v17 300 $aDescription based upon print version of record. 311 0 $a3-11-026507-9 320 $aIncludes bibliographical references and index. 327 $tFront matter --$tPreface --$tContents --$tIntroduction --$t0. Prerequisites --$t1. Classical BV-spaces --$t2. Nonclassical BV-spaces --$t3. Absolutely continuous functions --$t4. Riemann-Stieltjes integrals --$t5. Nonlinear composition operators --$t6. Nonlinear superposition operators --$t7. Some applications --$tReferences --$tList of functions --$tList of symbols --$tIndex --$tBack matter 330 $aThe aim of this monograph is to give a thorough and self-contained account of functions of (generalized) bounded variation, the methods connected with their study, their relations to other important function classes, and their applications to various problems arising in Fourier analysis and nonlinear analysis. In the first part the basic facts about spaces of functions of bounded variation and related spaces are collected, the main ideas which are useful in studying their properties are presented, and a comparison of their importance and suitability for applications is provided, with a particular emphasis on illustrative examples and counterexamples. The second part is concerned with (sometimes quite surprising) properties of nonlinear composition and superposition operators in such spaces. Moreover, relations with Riemann-Stieltjes integrals, convergence tests for Fourier series, and applications to nonlinear integral equations are discussed. The only prerequisite for understanding this book is a modest background in real analysis, functional analysis, and operator theory. It is addressed to non-specialists who want to get an idea of the development of the theory and its applications in the last decades, as well as a glimpse of the diversity of the directions in which current research is moving. Since the authors try to take into account recent results and state several open problems, this book might also be a fruitful source of inspiration for further research. 410 3$aDe Gruyter Series in Nonlinear Analysis and Applications 606 $aFunctions of bounded variation 610 $aBoundary Value Problem. 610 $aBounded Variation. 610 $aContinuity Properties. 610 $aFourier Analysis. 610 $aMonotonicity Properties. 610 $aNonlinear Composition Operators. 610 $aNonlinear Integral Equation. 615 0$aFunctions of bounded variation. 676 $a515/.8 686 $aSK 600$2rvk 700 $aAppell$b Ju?rgen$0350374 701 $aBanas$b Jozef$f1950-$054270 701 $aMerentes$b Nelson$0721518 801 0$bMiAaPQ 801 1$bMiAaPQ 801 2$bMiAaPQ 906 $aBOOK 912 $a9910787891703321 996 $aBounded variation and around$91411162 997 $aUNINA